000 00290nam a22001337a 4500
008 170828b xxu||||| |||| 00| 0 eng d
020 _a9780684828176
041 _aeng
080 _a070
100 _a39
101 _aMED
245 _aCLOUD TO THE SET
_cSTARK.S.D
942 _2udc
_cBK
999 _c25146
_d25146